[Event "World Chess Olympiad 2018"]
[Site "Batumi"]
[Date "2018.09.27"]
[Round "4"]
[Board "4"]
[WhiteFideId "13300865"]
[White "Hovhannisyan Mher"]
[BlackFideId "3701166"]
[Black "Almiron Antonio"]
[Result "0-1"]
[LiveChessVersion "1.4.8"]
[BlackElo "2358"]
[WhiteElo "2483"]

1. Nf3 {[%clk 1:30:56]} d5 {[%clk 1:30:56]} 2. g3 {[%clk 1:31:05]} Bg4
{[%clk 1:31:20]} 3. Bg2 {[%clk 1:31:29]} Nd7 {[%clk 1:31:44]} 4. d4
{[%clk 1:31:02]} e6 {[%clk 1:31:26]} 5. O-O {[%clk 1:31:00]} c6 {[%clk 1:31:48]}
6. Nbd2 {[%clk 1:28:59]} Ngf6 {[%clk 1:30:36]} 7. c4 {[%clk 1:26:55]} Be7
{[%clk 1:29:46]} 8. b3 {[%clk 1:26:55]} a5 {[%clk 1:27:42]} 9. a3
{[%clk 1:25:08]} h6 {[%clk 1:25:29]} 10. Bb2 {[%clk 1:21:34]} O-O
{[%clk 1:22:53]} 11. Re1 {[%clk 1:10:26]} Bf5 {[%clk 1:13:06]} 12. Ne5
{[%clk 1:06:16]} Nxe5 {[%clk 1:08:58]} 13. dxe5 {[%clk 1:06:40]} Ne4
{[%clk 1:09:25]} 14. cxd5 {[%clk 0:52:48]} cxd5 {[%clk 1:03:20]} 15. Nxe4
{[%clk 0:52:30]} dxe4 {[%clk 1:03:49]} 16. g4 {[%clk 0:36:56]} Bg6
{[%clk 1:01:12]} 17. Rc1 {[%clk 0:30:07]} Qb6 {[%clk 0:55:03]} 18. e3
{[%clk 0:22:10]} Rfc8 {[%clk 0:34:24]} 19. Rxc8+ {[%clk 0:13:24]} Rxc8
{[%clk 0:34:44]} 20. Bf1 {[%clk 0:10:19]} Qc6 {[%clk 0:32:27]} 21. Qe2
{[%clk 0:08:31]} Qd5 {[%clk 0:32:28]} 22. Qb5 {[%clk 0:05:56]} Rc2
{[%clk 0:27:49]} 23. Qxd5 {[%clk 0:06:02]} exd5 {[%clk 0:28:19]} 24. Re2
{[%clk 0:06:20]} Rxe2 {[%clk 0:27:25]} 25. Bxe2 {[%clk 0:06:48]} Kf8
{[%clk 0:25:53]} 26. a4 {[%clk 0:05:04]} Bc5 {[%clk 0:24:49]} 27. h4
{[%clk 0:04:18]} Ke7 {[%clk 0:23:59]} 28. h5 {[%clk 0:03:59]} Bh7
{[%clk 0:24:28]} 29. Kg2 {[%clk 0:03:56]} Ke6 {[%clk 0:24:04]} 30. Bd4
{[%clk 0:02:15]} Bxd4 {[%clk 0:19:45]} 31. exd4 {[%clk 0:02:15]} f6
{[%clk 0:20:15]} 32. exf6 {[%clk 0:02:31]} Kxf6 {[%clk 0:20:44]} 33. Kg3
{[%clk 0:02:24]} e3 {[%clk 0:19:52]} 34. fxe3 {[%clk 0:01:45]} Bc2
{[%clk 0:20:21]} 35. Kf4 {[%clk 0:01:44]} Bxb3 {[%clk 0:20:50]} 36. Bb5
{[%clk 0:02:05]} Bc2 {[%clk 0:21:08]} 37. Bd7 {[%clk 0:00:47]} Bd3
{[%clk 0:20:38]} 38. Bc8 {[%clk 0:00:36]} b5 {[%clk 0:19:27]} 39. axb5
{[%clk 0:00:36]} Bxb5 {[%clk 0:19:51]} 40. e4 {[%clk 0:30:38]} a4
{[%clk 0:49:46]} 41. e5+ {[%clk 0:28:18]} Ke7 {[%clk 0:50:06]} 42. Bf5
{[%clk 0:24:16]} a3 {[%clk 0:50:27]} 43. Bb1 {[%clk 0:24:41]} Bc4
{[%clk 0:50:01]} 44. Kf5 {[%clk 0:22:46]} Bd3+ {[%clk 0:50:19]} 0-1

[Event "World Chess Olympiad 2018"]
[Site "Batumi"]
[Date "2018.09.27"]
[Round "4"]
[Board "1"]
[WhiteFideId "1407767"]
[White "Glud Jakob Vang"]
[BlackFideId "13002783"]
[Black "Wynn Zaw Htun"]
[Result "1-0"]
[LiveChessVersion "1.4.8"]
[BlackElo "2473"]
[WhiteElo "2514"]

1. c4 {[%clk 1:30:56]} e6 {[%clk 1:30:22]} 2. g3 {[%clk 1:31:06]} d5
{[%clk 1:28:13]} 3. Nf3 {[%clk 1:31:18]} Nf6 {[%clk 1:27:56]} 4. Bg2
{[%clk 1:31:43]} Be7 {[%clk 1:25:24]} 5. O-O {[%clk 1:32:06]} O-O
{[%clk 1:25:50]} 6. b3 {[%clk 1:27:17]} a5 {[%clk 1:20:49]} 7. Nc3
{[%clk 1:24:07]} c6 {[%clk 1:17:45]} 8. d4 {[%clk 1:20:52]} Nbd7 {[%clk 1:14:13]}
9. Qc2 {[%clk 1:19:47]} b6 {[%clk 1:12:18]} 10. e4 {[%clk 1:20:11]} dxe4
{[%clk 1:11:29]} 11. Nxe4 {[%clk 1:19:14]} Nxe4 {[%clk 1:09:41]} 12. Qxe4
{[%clk 1:19:39]} Bb7 {[%clk 1:08:15]} 13. Rd1 {[%clk 1:16:51]} Re8
{[%clk 0:58:50]} 14. Be3 {[%clk 1:10:42]} Qc7 {[%clk 0:54:46]} 15. c5
{[%clk 1:01:12]} Nf6 {[%clk 0:51:42]} 16. Qc2 {[%clk 0:59:31]} Nd5
{[%clk 0:50:34]} 17. Bg5 {[%clk 0:59:52]} Bf8 {[%clk 0:49:07]} 18. a3
{[%clk 0:58:18]} h6 {[%clk 0:39:52]} 19. Bc1 {[%clk 0:57:49]} Ba6
{[%clk 0:33:01]} 20. Re1 {[%clk 0:56:36]} bxc5 {[%clk 0:28:49]} 21. dxc5
{[%clk 0:56:49]} e5 {[%clk 0:28:21]} 22. Bb2 {[%clk 0:53:12]} e4 {[%clk 0:17:46]}
23. Rxe4 {[%clk 0:53:29]} Rxe4 {[%clk 0:15:27]} 24. Qxe4 {[%clk 0:53:58]} Bxc5
{[%clk 0:09:00]} 25. Rc1 {[%clk 0:53:19]} Qa7 {[%clk 0:05:52]} 26. Qg4
{[%clk 0:46:54]} Bxf2+ {[%clk 0:03:39]} 27. Kh1 {[%clk 0:47:23]} f6
{[%clk 0:02:50]} 28. Rxc6 {[%clk 0:47:31]} Re8 {[%clk 0:01:26]} 29. Rd6
{[%clk 0:29:29]} Ne3 {[%clk 0:01:09]} 30. Qg6 {[%clk 0:27:51]} Bb5
{[%clk 0:00:38]} 31. a4 {[%clk 0:26:35]} Nxg2 {[%clk 0:00:36]} 32. axb5
{[%clk 0:26:42]} Qe3 {[%clk 0:00:34]} 33. Rd7 {[%clk 0:26:18]} 1-0

[Event "World Chess Olympiad 2018"]
[Site "Batumi"]
[Date "2018.09.27"]
[Round "4"]
[Board "2"]
[WhiteFideId "13000110"]
[White "Nay Oo Kyaw Tun"]
[BlackFideId "1416928"]
[Black "Ochsner Bjorn Moller"]
[Result "1/2-1/2"]
[LiveChessVersion "1.4.8"]
[BlackElo "2462"]
[WhiteElo "2389"]

1. d4 {[%clk 1:30:51]} Nf6 {[%clk 1:30:44]} 2. Bf4 {[%clk 1:30:46]} g6
{[%clk 1:30:58]} 3. Nf3 {[%clk 1:30:54]} Bg7 {[%clk 1:31:22]} 4. e3
{[%clk 1:31:09]} O-O {[%clk 1:31:35]} 5. Be2 {[%clk 1:31:15]} d6 {[%clk 1:31:48]}
6. h3 {[%clk 1:31:33]} c5 {[%clk 1:32:00]} 7. c3 {[%clk 1:31:27]} b6
{[%clk 1:32:20]} 8. O-O {[%clk 1:31:26]} Bb7 {[%clk 1:32:38]} 9. Nbd2
{[%clk 1:31:16]} Nbd7 {[%clk 1:32:58]} 10. a4 {[%clk 1:30:45]} a6
{[%clk 1:33:18]} 11. Bh2 {[%clk 1:29:01]} Ra7 {[%clk 1:33:37]} 12. Qb3
{[%clk 1:28:25]} Qa8 {[%clk 1:33:24]} 13. Rfd1 {[%clk 1:27:04]} Ne4
{[%clk 1:27:29]} 14. Bf1 {[%clk 1:19:03]} Nxd2 {[%clk 1:00:43]} 15. Nxd2
{[%clk 1:19:21]} Bc6 {[%clk 0:59:50]} 16. Nc4 {[%clk 0:52:57]} b5
{[%clk 0:51:21]} 17. axb5 {[%clk 0:48:36]} axb5 {[%clk 0:51:09]} 18. Rxa7
{[%clk 0:47:49]} Qxa7 {[%clk 0:51:30]} 19. Na3 {[%clk 0:46:56]} b4
{[%clk 0:44:07]} 20. Nb5 {[%clk 0:44:24]} Qa5 {[%clk 0:35:16]} 21. cxb4
{[%clk 0:16:03]} cxb4 {[%clk 0:34:51]} 22. Qc4 {[%clk 0:16:24]} Bb7
{[%clk 0:19:56]} 23. Qc7 {[%clk 0:12:01]} Qxc7 {[%clk 0:20:09]} 24. Nxc7
{[%clk 0:12:28]} Rc8 {[%clk 0:19:30]} 25. Na6 {[%clk 0:09:58]} Bxa6
{[%clk 0:14:55]} 26. Bxa6 {[%clk 0:10:24]} Rc2 {[%clk 0:15:17]} 27. Rb1
{[%clk 0:09:43]} Nb6 {[%clk 0:14:38]} 28. Bd3 {[%clk 0:09:21]} Rd2
{[%clk 0:14:36]} 29. Bb5 {[%clk 0:09:36]} Rc2 {[%clk 0:07:57]} 30. Bd3
{[%clk 0:09:48]} Rd2 {[%clk 0:08:24]} 31. Bb5 {[%clk 0:10:10]} 1/2-1/2

[Event "World Chess Olympiad 2018"]
[Site "Batumi"]
[Date "2018.09.27"]
[Round "4"]
[Board "3"]
[WhiteFideId "1407970"]
[White "Mikkelsen Nikolaj"]
[BlackFideId "13001248"]
[Black "Khin Than"]
[Result "1/2-1/2"]
[LiveChessVersion "1.4.8"]
[BlackElo "2200"]
[WhiteElo "2467"]

1. e4 {[%clk 1:30:53]} e5 {[%clk 1:30:54]} 2. Nf3 {[%clk 1:31:14]} Nc6
{[%clk 1:31:20]} 3. Bb5 {[%clk 1:31:29]} a6 {[%clk 1:31:47]} 4. Ba4
{[%clk 1:31:41]} Nf6 {[%clk 1:32:08]} 5. O-O {[%clk 1:31:44]} Be7
{[%clk 1:32:35]} 6. d3 {[%clk 1:27:54]} d6 {[%clk 1:31:13]} 7. c3
{[%clk 1:26:23]} b5 {[%clk 1:30:18]} 8. Bc2 {[%clk 1:24:05]} O-O {[%clk 1:30:29]}
9. Re1 {[%clk 1:17:21]} Bb7 {[%clk 1:29:37]} 10. Nbd2 {[%clk 1:17:07]} Nd7
{[%clk 1:24:42]} 11. Nf1 {[%clk 1:10:54]} Bf6 {[%clk 1:20:03]} 12. h3
{[%clk 0:52:51]} Re8 {[%clk 1:18:22]} 13. N3h2 {[%clk 0:51:52]} Ne7
{[%clk 1:16:51]} 14. Ng4 {[%clk 0:50:24]} Ng6 {[%clk 1:16:39]} 15. Nxf6+
{[%clk 0:50:19]} Nxf6 {[%clk 1:16:59]} 16. Ng3 {[%clk 0:49:32]} d5
{[%clk 1:16:07]} 17. Qf3 {[%clk 0:44:07]} h6 {[%clk 1:08:39]} 18. Nf5
{[%clk 0:43:45]} c5 {[%clk 1:02:46]} 19. Rd1 {[%clk 0:39:14]} Qb6
{[%clk 0:59:17]} 20. a4 {[%clk 0:31:56]} Rad8 {[%clk 0:59:04]} 21. axb5
{[%clk 0:28:47]} axb5 {[%clk 0:58:08]} 22. Be3 {[%clk 0:21:36]} d4
{[%clk 0:57:30]} 23. Bd2 {[%clk 0:20:04]} Qc6 {[%clk 0:43:44]} 24. c4
{[%clk 0:18:38]} bxc4 {[%clk 0:37:37]} 25. Ba4 {[%clk 0:19:02]} Qe6
{[%clk 0:37:56]} 26. Bxe8 {[%clk 0:19:19]} Rxe8 {[%clk 0:38:24]} 27. Ng3
{[%clk 0:15:12]} Nh4 {[%clk 0:37:02]} 28. Qe2 {[%clk 0:15:21]} cxd3
{[%clk 0:37:17]} 29. Qxd3 {[%clk 0:15:44]} c4 {[%clk 0:37:46]} 30. Qe2
{[%clk 0:15:48]} Rc8 {[%clk 0:34:05]} 31. Kh2 {[%clk 0:11:07]} c3
{[%clk 0:22:52]} 32. bxc3 {[%clk 0:11:32]} dxc3 {[%clk 0:23:21]} 33. Bc1
{[%clk 0:11:02]} c2 {[%clk 0:21:52]} 34. Re1 {[%clk 0:09:48]} Qb3
{[%clk 0:16:23]} 35. Ra3 {[%clk 0:08:51]} Qb1 {[%clk 0:14:14]} 36. Qd2
{[%clk 0:05:56]} Rc4 {[%clk 0:11:31]} 37. Rc3 {[%clk 0:05:17]} Rd4
{[%clk 0:10:16]} 38. Qxc2 {[%clk 0:04:57]} Qxc2 {[%clk 0:10:39]} 39. Rxc2
{[%clk 0:05:22]} Nxe4 {[%clk 0:09:25]} 40. Bb2 {[%clk 0:31:34]} Rb4
{[%clk 0:39:10]} 41. Nxe4 {[%clk 0:22:57]} Bxe4 {[%clk 0:38:32]} 42. Rc8+
{[%clk 0:23:23]} Kh7 {[%clk 0:38:45]} 43. Bxe5 {[%clk 0:23:30]} Bxg2
{[%clk 0:37:18]} 44. Rg1 {[%clk 0:16:51]} Nf3+ {[%clk 0:33:19]} 45. Kxg2
{[%clk 0:17:16]} Nxe5 {[%clk 0:33:40]} 46. Rgc1 {[%clk 0:17:36]} Rf4
{[%clk 0:32:21]} 47. R1c3 {[%clk 0:17:23]} g5 {[%clk 0:30:22]} 48. Kg3
{[%clk 0:14:57]} Kg7 {[%clk 0:30:21]} 49. Re3 {[%clk 0:13:08]} f6
{[%clk 0:30:17]} 50. Rc5 {[%clk 0:12:56]} Kg6 {[%clk 0:30:16]} 51. Rcxe5
{[%clk 0:12:48]} 1/2-1/2

[Event "World Chess Olympiad 2018"]
[Site "Batumi"]
[Date "2018.09.27"]
[Round "4"]
[Board "4"]
[WhiteFideId "13003100"]
[White "Win Tun"]
[BlackFideId "1444948"]
[Black "Bjerre Jonas Buhl"]
[Result "1-0"]
[LiveChessVersion "1.4.8"]
[BlackElo "2423"]
[WhiteElo "2235"]

1. Nf3 {[%clk 1:30:56]} Nf6 {[%clk 1:30:48]} 2. g3 {[%clk 1:31:23]} g6
{[%clk 1:30:39]} 3. Bg2 {[%clk 1:31:50]} Bg7 {[%clk 1:31:00]} 4. O-O
{[%clk 1:32:15]} c5 {[%clk 1:30:36]} 5. d4 {[%clk 1:32:36]} cxd4 {[%clk 1:29:14]}
6. Nxd4 {[%clk 1:33:02]} O-O {[%clk 1:27:58]} 7. c4 {[%clk 1:32:31]} Nc6
{[%clk 1:27:23]} 8. Nc3 {[%clk 1:32:12]} Ng4 {[%clk 1:25:48]} 9. e3
{[%clk 1:26:13]} d6 {[%clk 1:24:42]} 10. b3 {[%clk 1:16:24]} Nxd4
{[%clk 1:22:54]} 11. exd4 {[%clk 1:16:46]} Nh6 {[%clk 1:22:52]} 12. Bb2
{[%clk 1:12:59]} Nf5 {[%clk 1:22:35]} 13. Nd5 {[%clk 1:07:25]} Bd7
{[%clk 1:19:01]} 14. Qd3 {[%clk 1:06:25]} Bc6 {[%clk 1:15:07]} 15. Rfe1
{[%clk 0:53:11]} e6 {[%clk 1:12:52]} 16. Nf4 {[%clk 0:52:14]} Bxg2
{[%clk 1:11:19]} 17. Kxg2 {[%clk 0:51:44]} Qd7 {[%clk 1:06:36]} 18. Re2
{[%clk 0:47:29]} a6 {[%clk 1:00:51]} 19. Rae1 {[%clk 0:42:31]} b5
{[%clk 0:55:04]} 20. d5 {[%clk 0:37:24]} e5 {[%clk 0:48:59]} 21. Nh3
{[%clk 0:37:49]} bxc4 {[%clk 0:38:40]} 22. bxc4 {[%clk 0:30:40]} Rfc8
{[%clk 0:36:54]} 23. Ng5 {[%clk 0:29:08]} Qa4 {[%clk 0:32:47]} 24. Rc2
{[%clk 0:28:11]} Rab8 {[%clk 0:29:03]} 25. Re4 {[%clk 0:27:09]} h6
{[%clk 0:26:58]} 26. Nf3 {[%clk 0:26:52]} Qa5 {[%clk 0:25:32]} 27. Ba3
{[%clk 0:25:59]} Bf8 {[%clk 0:23:14]} 28. g4 {[%clk 0:25:31]} Ng7
{[%clk 0:23:13]} 29. Ree2 {[%clk 0:16:52]} f5 {[%clk 0:20:02]} 30. gxf5
{[%clk 0:14:08]} gxf5 {[%clk 0:20:11]} 31. Nh4 {[%clk 0:13:59]} Qd8
{[%clk 0:18:14]} 32. Nxf5 {[%clk 0:09:04]} Qg5+ {[%clk 0:17:51]} 33. Ng3
{[%clk 0:08:58]} Nh5 {[%clk 0:17:01]} 34. Bc1 {[%clk 0:09:11]} Nf4+
{[%clk 0:16:31]} 35. Bxf4 {[%clk 0:07:30]} exf4 {[%clk 0:16:58]} 36. Re6
{[%clk 0:07:14]} Kh8 {[%clk 0:12:17]} 37. Rg6 {[%clk 0:06:25]} Qh4
{[%clk 0:11:58]} 38. Nf5 {[%clk 0:04:14]} Qh5 {[%clk 0:12:17]} 39. Qd4+
{[%clk 0:04:28]} Kh7 {[%clk 0:12:33]} 40. Rg7+ {[%clk 0:34:53]} 1-0

[Event "World Chess Olympiad 2018"]
[Site "Batumi"]
[Date "2018.09.27"]
[Round "4"]
[Board "3"]
[WhiteFideId "4403304"]
[White "Sanchez Sebastian Felipe"]
[BlackFideId "2604922"]
[Black "Noritsyn Nikolay"]
[Result "0-1"]
[LiveChessVersion "1.4.8"]
[BlackElo "2482"]
[WhiteElo "2424"]

1. e4 {[%clk 1:30:37]} e5 {[%clk 1:29:52]} 2. Nf3 {[%clk 1:31:03]} d6
{[%clk 1:30:17]} 3. d4 {[%clk 1:31:29]} exd4 {[%clk 1:30:44]} 4. Nxd4
{[%clk 1:31:55]} Nf6 {[%clk 1:31:08]} 5. Nc3 {[%clk 1:32:23]} Be7
{[%clk 1:31:32]} 6. Be2 {[%clk 1:32:49]} O-O {[%clk 1:31:53]} 7. Bf4
{[%clk 1:33:16]} Nc6 {[%clk 1:31:48]} 8. Qd2 {[%clk 1:33:41]} Nxd4
{[%clk 1:31:34]} 9. Qxd4 {[%clk 1:34:06]} Be6 {[%clk 1:31:31]} 10. O-O-O
{[%clk 1:32:55]} Re8 {[%clk 1:31:38]} 11. f3 {[%clk 1:32:23]} Nd7
{[%clk 1:31:28]} 12. g4 {[%clk 1:25:44]} Bg5 {[%clk 1:27:08]} 13. Qd2
{[%clk 1:22:28]} Bxf4 {[%clk 1:27:18]} 14. Qxf4 {[%clk 1:22:53]} a6
{[%clk 1:19:30]} 15. h4 {[%clk 1:04:28]} b5 {[%clk 1:15:01]} 16. g5
{[%clk 0:45:45]} Nb6 {[%clk 1:10:30]} 17. a3 {[%clk 0:37:20]} Qe7
{[%clk 1:06:23]} 18. Rd4 {[%clk 0:34:51]} Rf8 {[%clk 0:57:40]} 19. Rhd1
{[%clk 0:18:21]} Rae8 {[%clk 0:53:54]} 20. Qg3 {[%clk 0:12:55]} f5
{[%clk 0:51:21]} 21. Kb1 {[%clk 0:10:33]} fxe4 {[%clk 0:45:08]} 22. fxe4
{[%clk 0:10:31]} Bf7 {[%clk 0:39:56]} 23. h5 {[%clk 0:07:06]} Qe5
{[%clk 0:39:50]} 24. Qg1 {[%clk 0:07:08]} Be6 {[%clk 0:39:16]} 25. Bg4
{[%clk 0:04:01]} Bxg4 {[%clk 0:33:27]} 26. Qxg4 {[%clk 0:04:28]} Qf4
{[%clk 0:33:41]} 27. Qg1 {[%clk 0:03:38]} Re5 {[%clk 0:31:46]} 28. Nd5
{[%clk 0:01:39]} Nxd5 {[%clk 0:31:57]} 29. exd5 {[%clk 0:02:06]} Qxg5
{[%clk 0:31:27]} 30. Rg4 {[%clk 0:02:32]} Qh6 {[%clk 0:27:54]} 31. Qa7
{[%clk 0:01:53]} Qxh5 {[%clk 0:26:43]} 32. Rgd4 {[%clk 0:02:00]} Qf7
{[%clk 0:11:01]} 33. Qxa6 {[%clk 0:02:14]} Qd7 {[%clk 0:11:01]} 34. Rb4
{[%clk 0:02:02]} h5 {[%clk 0:11:19]} 35. Rxb5 {[%clk 0:01:37]} Qg4
{[%clk 0:10:58]} 36. Rc1 {[%clk 0:01:39]} h4 {[%clk 0:10:01]} 37. Rb4
{[%clk 0:01:16]} Re4 {[%clk 0:10:10]} 38. Rb3 {[%clk 0:01:01]} h3
{[%clk 0:05:07]} 39. Qd3 {[%clk 0:01:27]} h2 {[%clk 0:04:44]} 40. Qg3
{[%clk 0:31:03]} Qxg3 {[%clk 0:33:14]} 41. Rxg3 {[%clk 0:31:30]} Rf2
{[%clk 0:32:26]} 42. b3 {[%clk 0:20:47]} Ree2 {[%clk 0:31:11]} 43. Rh3
{[%clk 0:17:56]} g5 {[%clk 0:30:48]} 44. a4 {[%clk 0:16:40]} g4 {[%clk 0:29:51]}
45. Rh4 {[%clk 0:16:58]} Rg2 {[%clk 0:28:42]} 46. a5 {[%clk 0:15:41]} g3
{[%clk 0:27:18]} 47. a6 {[%clk 0:16:06]} Rg1 {[%clk 0:25:57]} 48. a7
{[%clk 0:14:59]} Re8 {[%clk 0:26:04]} 49. Kb2 {[%clk 0:09:17]} Rxc1
{[%clk 0:26:10]} 50. Kxc1 {[%clk 0:09:01]} g2 {[%clk 0:26:27]} 0-1

[Event "World Chess Olympiad 2018"]
[Site "Batumi"]
[Date "2018.09.27"]
[Round "4"]
[Board "4"]
[WhiteFideId "4100140"]
[White "Bareev Evgeny"]
[BlackFideId "4404025"]
[Black "Martinez Romero Martin"]
[Result "1-0"]
[LiveChessVersion "1.4.8"]
[BlackElo "2438"]
[WhiteElo "2666"]

1. d4 {[%clk 1:29:57]} Nf6 {[%clk 1:30:06]} 2. Nf3 {[%clk 1:30:18]} g6
{[%clk 1:30:25]} 3. Bg5 {[%clk 1:29:59]} Bg7 {[%clk 1:28:37]} 4. Nbd2
{[%clk 1:30:15]} O-O {[%clk 1:28:40]} 5. c3 {[%clk 1:30:30]} d5 {[%clk 1:25:21]}
6. e3 {[%clk 1:30:53]} Nbd7 {[%clk 1:24:58]} 7. Be2 {[%clk 1:31:16]} Re8
{[%clk 1:25:11]} 8. O-O {[%clk 1:29:45]} e5 {[%clk 1:24:42]} 9. Bh4
{[%clk 1:29:18]} c5 {[%clk 1:21:32]} 10. dxc5 {[%clk 1:09:30]} Nxc5
{[%clk 1:18:36]} 11. b4 {[%clk 1:09:45]} Ncd7 {[%clk 1:16:58]} 12. c4
{[%clk 1:07:44]} h6 {[%clk 1:01:40]} 13. Qb3 {[%clk 0:54:55]} d4 {[%clk 0:36:42]}
14. exd4 {[%clk 0:50:29]} exd4 {[%clk 0:34:19]} 15. Rae1 {[%clk 0:42:02]} a5
{[%clk 0:32:52]} 16. a3 {[%clk 0:38:47]} axb4 {[%clk 0:29:03]} 17. axb4
{[%clk 0:39:15]} g5 {[%clk 0:27:46]} 18. Bg3 {[%clk 0:39:32]} b6 {[%clk 0:09:22]}
19. Bd3 {[%clk 0:11:53]} Bb7 {[%clk 0:09:28]} 20. Rxe8+ {[%clk 0:09:58]} Nxe8
{[%clk 0:09:49]} 21. Re1 {[%clk 0:10:20]} g4 {[%clk 0:06:07]} 22. Nh4
{[%clk 0:10:24]} Qg5 {[%clk 0:05:00]} 23. f4 {[%clk 0:06:35]} Qd8
{[%clk 0:02:03]} 24. Nf5 {[%clk 0:06:48]} Bf8 {[%clk 0:01:57]} 25. Ne4
{[%clk 0:02:26]} Ndf6 {[%clk 0:00:36]} 26. Nxf6+ {[%clk 0:01:28]} Qxf6
{[%clk 0:00:36]} 27. Qb2 {[%clk 0:00:48]} Qc6 {[%clk 0:00:32]} 28. b5
{[%clk 0:00:42]} Qd7 {[%clk 0:00:56]} 29. Bf2 {[%clk 0:00:43]} Ra3
{[%clk 0:00:32]} 30. Nxh6+ {[%clk 0:00:43]} Kg7 {[%clk 0:00:59]} 31. Nf5+
{[%clk 0:01:00]} Kg8 {[%clk 0:01:26]} 32. Nh6+ {[%clk 0:00:47]} Kg7
{[%clk 0:01:55]} 33. Nf5+ {[%clk 0:01:04]} Kg8 {[%clk 0:02:24]} 34. Qe2
{[%clk 0:01:31]} Nf6 {[%clk 0:01:46]} 35. Bh4 {[%clk 0:01:47]} Rxd3
{[%clk 0:01:00]} 36. Qxd3 {[%clk 0:02:04]} Be4 {[%clk 0:01:10]} 37. Rxe4
{[%clk 0:00:40]} Nxe4 {[%clk 0:01:37]} 38. Qxe4 {[%clk 0:00:58]} d3
{[%clk 0:02:02]} 39. Qd5 {[%clk 0:00:35]} Qxd5 {[%clk 0:02:14]} 40. cxd5
{[%clk 0:31:04]} d2 {[%clk 0:32:38]} 41. Ne3 {[%clk 0:31:32]} Bc5
{[%clk 0:32:53]} 42. Kf1 {[%clk 0:31:57]} Bxe3 {[%clk 0:33:16]} 43. Ke2
{[%clk 0:32:13]} Kf8 {[%clk 0:31:55]} 44. f5 {[%clk 0:30:58]} Ke8
{[%clk 0:28:12]} 45. Bg3 {[%clk 0:28:51]} Kd7 {[%clk 0:27:07]} 46. h3
{[%clk 0:29:05]} gxh3 {[%clk 0:25:35]} 47. gxh3 {[%clk 0:29:33]} Bh6
{[%clk 0:23:55]} 48. h4 {[%clk 0:29:50]} Be3 {[%clk 0:15:24]} 49. Be5
{[%clk 0:29:47]} Bh6 {[%clk 0:14:00]} 50. h5 {[%clk 0:29:46]} Ke7
{[%clk 0:09:01]} 51. Kd1 {[%clk 0:29:42]} Kd7 {[%clk 0:06:07]} 52. Kc2
{[%clk 0:30:02]} Ke7 {[%clk 0:06:07]} 53. Kd1 {[%clk 0:29:50]} Kd7
{[%clk 0:06:09]} 54. Bc3 {[%clk 0:24:57]} Kd6 {[%clk 0:06:18]} 55. Bxd2
{[%clk 0:25:20]} Bg7 {[%clk 0:05:58]} 56. h6 {[%clk 0:25:40]} Bh8
{[%clk 0:01:44]} 57. Bb4+ {[%clk 0:25:43]} Kxd5 {[%clk 0:01:17]} 58. Bf8
{[%clk 0:26:05]} Bf6 {[%clk 0:00:35]} 59. Bg7 {[%clk 0:26:23]} Ke5
{[%clk 0:01:00]} 60. Bxf6+ {[%clk 0:26:46]} Kxf6 {[%clk 0:01:28]} 1-0

[Event "World Chess Olympiad 2018"]
[Site "Batumi"]
[Date "2018.09.27"]
[Round "4"]
[Board "1"]
[WhiteFideId "6500331"]
[White "Valdes Romero Leonardo"]
[BlackFideId "405647"]
[Black "Hague Ben"]
[Result "1-0"]
[LiveChessVersion "1.4.8"]
[BlackElo "2405"]
[WhiteElo "2398"]

1. Nf3 {[%clk 1:30:55]} d5 {[%clk 1:30:55]} 2. g3 {[%clk 1:31:15]} c6
{[%clk 1:31:14]} 3. Bg2 {[%clk 1:31:37]} Bg4 {[%clk 1:31:36]} 4. O-O
{[%clk 1:31:22]} e6 {[%clk 1:31:24]} 5. d3 {[%clk 1:29:18]} Bd6 {[%clk 1:30:15]}
6. Nbd2 {[%clk 1:29:42]} Ne7 {[%clk 1:29:17]} 7. c4 {[%clk 1:26:40]} O-O
{[%clk 1:27:18]} 8. b3 {[%clk 1:26:48]} Nd7 {[%clk 1:25:11]} 9. Bb2
{[%clk 1:27:12]} e5 {[%clk 1:21:06]} 10. h3 {[%clk 1:26:10]} Bh5 {[%clk 1:20:14]}
11. cxd5 {[%clk 1:25:02]} cxd5 {[%clk 1:20:17]} 12. e4 {[%clk 1:25:16]} d4
{[%clk 1:15:35]} 13. Nc4 {[%clk 1:23:29]} Bc7 {[%clk 1:13:35]} 14. a4
{[%clk 1:23:42]} f6 {[%clk 1:10:56]} 15. Ba3 {[%clk 1:19:53]} Nb6
{[%clk 1:08:42]} 16. a5 {[%clk 1:09:18]} Nxc4 {[%clk 1:08:12]} 17. bxc4
{[%clk 1:09:43]} Qd7 {[%clk 1:02:52]} 18. Nxe5 {[%clk 1:04:18]} fxe5
{[%clk 0:57:33]} 19. Qxh5 {[%clk 1:04:39]} Rf6 {[%clk 0:57:19]} 20. Rfb1
{[%clk 0:59:34]} Rb8 {[%clk 0:52:40]} 21. Rb5 {[%clk 0:48:39]} a6
{[%clk 0:51:33]} 22. Rb2 {[%clk 0:36:28]} Nc6 {[%clk 0:50:14]} 23. Bb4
{[%clk 0:35:20]} Qd8 {[%clk 0:44:12]} 24. Bd2 {[%clk 0:34:41]} h6
{[%clk 0:42:30]} 25. Rba2 {[%clk 0:26:57]} Qe7 {[%clk 0:39:16]} 26. Qe2
{[%clk 0:26:05]} Rbf8 {[%clk 0:36:37]} 27. Be1 {[%clk 0:26:10]} R8f7
{[%clk 0:35:40]} 28. Rb1 {[%clk 0:25:43]} Nd8 {[%clk 0:33:39]} 29. h4
{[%clk 0:25:49]} g6 {[%clk 0:30:15]} 30. Bh3 {[%clk 0:25:46]} Qc5
{[%clk 0:29:12]} 31. h5 {[%clk 0:23:28]} gxh5 {[%clk 0:28:39]} 32. Qxh5
{[%clk 0:19:58]} Rg7 {[%clk 0:28:36]} 33. Bf5 {[%clk 0:15:47]} Qc6
{[%clk 0:27:33]} 34. Rab2 {[%clk 0:15:15]} Nf7 {[%clk 0:20:10]} 35. Rb6
{[%clk 0:12:13]} Bxb6 {[%clk 0:19:02]} 36. Rxb6 {[%clk 0:12:38]} Rxf5
{[%clk 0:19:24]} 37. Qxf5 {[%clk 0:13:03]} Qc7 {[%clk 0:18:46]} 38. Bd2
{[%clk 0:13:04]} Ng5 {[%clk 0:17:48]} 39. Rxh6 {[%clk 0:12:50]} Nh7
{[%clk 0:16:52]} 40. Re6 {[%clk 0:42:43]} Re7 {[%clk 0:46:48]} 41. Bh6
{[%clk 0:40:13]} Kh8 {[%clk 0:44:51]} 42. Rxe7 {[%clk 0:38:06]} 1-0